Kiểm nghiệm dược phẩm : (Phần định tính các hợp chất hữu cơ)
Trình bày định tính các dược phẩm hữu cơ bằng phản ứng hóa học, các phương pháp định tính dược phẩm
Сохранить в:
| Главный автор: | |
|---|---|
| Формат: | |
| Язык: | Undetermined |
| Опубликовано: |
Hà Nội
Khoa học và Kỹ thuật
1988
|
| Предметы: | |
| Метки: |
Добавить метку
Нет меток, Требуется 1-ая метка записи!
|
| Thư viện lưu trữ: | Trung tâm Học liệu Trường Đại học Cần Thơ |
|---|
| LEADER | 00959nam a2200241Ia 4500 | ||
|---|---|---|---|
| 001 | CTU_161028 | ||
| 008 | 210402s9999 xx 000 0 und d | ||
| 082 | |a 544 | ||
| 082 | |b H307 | ||
| 100 | |a Nguyễn, Bá Hiệp | ||
| 245 | 0 | |a Kiểm nghiệm dược phẩm : | |
| 245 | 0 | |b (Phần định tính các hợp chất hữu cơ) | |
| 245 | 0 | |c Nguyễn Bá Hiệp | |
| 260 | |a Hà Nội | ||
| 260 | |b Khoa học và Kỹ thuật | ||
| 260 | |c 1988 | ||
| 520 | |a Trình bày định tính các dược phẩm hữu cơ bằng phản ứng hóa học, các phương pháp định tính dược phẩm | ||
| 526 | |a Kiểm nghiệm dược phẩm và thực phẩm | ||
| 526 | |b TN439 | ||
| 650 | |a Chemistry, analytic,Hóa học, phân tích | ||
| 650 | |x Qualitative,Định tính | ||
| 904 | |i Thuỳ, Năm | ||
| 980 | |a Trung tâm Học liệu Trường Đại học Cần Thơ | ||